000 00541nam a2200157Ia 4500
008 210716s2012 xx 000 0 und d
020 _a9781849686068
041 _aeng
082 _a658.4038011 GARM
100 _aGarcia, Miguel; Harmsen, Barry.
245 _aQlikview 11 for developers: develop business intelligence applications with qlikview 11.
_bDevelop business intelligence applications with qlikview 11.
250 _a1
260 _aMumbai
_bPackt Publishing Ltd
_c2012
300 _ax,504
650 _aDecision making(658.403)
999 _c196246
_d196246